Nuevas investigaciones en Ciencias Sociales

Detalles Bibliográficos
Autor principal: Salavera, Carlos
Otros Autores: Teruel, Pilar
Formato: eBook
Lenguaje:español
Publicado: Madrid: Dykinson, 2020
Materias:
Acceso en línea:Acceso restringido

MARC

LEADER 00000nam a22000007a 4500
005 20201020221231.0
007 cr|||| ||||
008 201020s2020 es |||||s|||| 00||0 spa d
020 |a 978-84-1324-734-2 
035 |a 32112 
040 |a vLex 
090 |c 10767  |d 10767 
100 1 |a Salavera, Carlos 
245 1 0 |a Nuevas investigaciones en Ciencias Sociales  |h [Recurso electrn̤ico] /  |c Carlos Salavera, Pilar Teruel 
256 |a Servicio en ln̕ea 
260 |a Madrid:  |b Dykinson,  |c 2020 
300 |a 1 recurso electrn̤ico 
506 1 |a Disponible solo en los productos indicados  |d vLex Global  |d vLex Global (Academic Edition, excluding Law Schools)  |d vLex Global (U.S. Academic Edition, Law Schools)  |d vLex Global (U.S. Academic Edition, excluding Law Schools)  |d vLex Global (Academic Edition, Law Schools) 
650 0 4 |a Ciencias sociales  |z Espaą 
700 1 |a Teruel, Pilar 
740 0 |a vLex Libros (Servicio en ln̕ea) 
856 4 0 |u http://vlex.com/source/nuevas-investigaciones-ciencias-sociales-32112  |z Acceso restringido 
942 |c BOOK 
999 0 |a Social Sciences